Metodické přístupy ke zpracování podnikatelských záměrů.
Podnikateľský zámer alebo podnikateľský plán (business plan) je nástroj realizácie podnikateľskej stratégie. Príprava podnikateľských zámerov má mimoriadny význam v transformujúcom sa poľnohospodárstve, pripravujú si ho súkromní podnikatelia i novovznikajúce obchodné spoločnosti a družstvá. Postup s...
Na minha lista:
| Autor principal: | |
|---|---|
| Formato: | Capítulo de Livro |
| Idioma: | tcheco |
| Assuntos: | |
| Tags: |
Sem tags, seja o primeiro a adicionar uma tag!
|
MARC
| LEADER | 00000naa a2200000 4500 | ||
|---|---|---|---|
| 001 | r010009 | ||
| 005 | 20220831083323.0 | ||
| 041 | 0 | |a cze | |
| 044 | |a [CS] | ||
| 245 | 1 | 0 | |a Metodické přístupy ke zpracování podnikatelských záměrů. |c A. Juřica |
| 520 | |a Podnikateľský zámer alebo podnikateľský plán (business plan) je nástroj realizácie podnikateľskej stratégie. Príprava podnikateľských zámerov má mimoriadny význam v transformujúcom sa poľnohospodárstve, pripravujú si ho súkromní podnikatelia i novovznikajúce obchodné spoločnosti a družstvá. Postup spracovania podnikateľského zámeru a požiadavky na podnikateľský zámer. | ||
| 610 | 2 | 0 | |a podnikanie |
| 610 | 2 | 0 | |a stratégia podniková |
| 610 | 2 | 0 | |a plán podnikový |
| 610 | 2 | 0 | |a poľnohospodárstvo |
| 610 | 2 | 0 | |a transformácia |
| 610 | 2 | 0 | |a podnikatelia |
| 610 | 2 | 0 | |a spoločnosti obchodné |
| 610 | 2 | 0 | |a družstvá |
| 610 | 2 | 0 | |a metodika |
| 100 | 1 | |a Juřica, A. | |